000 01551cam a22004094i 4500
003 PE-LiUPU
005 20250731183347.0
008 061130s2006 nyua r 000 0 eng d
020 _a0060847158
020 _a9780060847159
035 _a(Sirsi) i9780060847159
040 _aSIKPV
_eppiak
_bspa
_cSILIS
_dOCLCQ
_dOCLCF
_dOCLCO
_dPE-LiUPU
_erda
082 0 4 _a747.88314
_bA6
_222
245 1 0 _aApartments designsource /
_c[editor Ana G. Cañizares].
246 1 _aApartamentos de diseño de la fuente
250 _aPrimera edición.
264 _aNew York :
_bCollins Design,
_c2006.
300 _a639 páginas :
_bilustraciones ;
_c19 centímetros.
336 _text
_2rdacontent
337 _unmediated
_2rdamedia
338 _volume
_2rdacarrier
526 _aP158
526 _aP146
526 _aP17
526 _aP12
526 _aP06
541 _g003-001197;
650 1 4 _aApartamentos.
650 2 4 _aDecoración de interiores.
650 2 4 _aArquitectura interior.
700 1 _aCañizares, Ana Cristina G.,
_eautor.
942 _2ddc
_cBOOK
949 _a747.88314 A6
_wDEWEY
_c1
_i73936
_lCCODEBUL1
_mBUL
_p7.82
_r0
_sY
_tBOOK
_u2016-6-22
_xINGENIERIA
_PP06
_0COMPRA
_o.STAFF. Colección General
994 _aC0
_bPEPRU
596 _a1
999 _a747.88314 A6
_wDEWEY
_c10170
_i73936
_d10170
_e2017-8-20
_f2021-11-10
_g7
_lCCODEBUL1
_mBUL
_n1
_p7.82
_r0
_sY
_tBOOK
_u2016-6-22
_xINGENIERIA
_PP06
_0COMPRA
_o.STAFF. Colección Ingeniería y Arquitectura
980 _81
_gALBERTO SANCHEZ Responsable de Automatización